000 00729nam a2200181Ia 4500
008 090124s9999 xx 000 0 und d
082 _b102852
100 _aसाने पां.स.उर्फ सानेगुरुजी (पांडूरंग सदाशीव)
245 _a विश्राम
250 _a5
260 _c1948
300 _a127
600 _aसाने पां.स.उर्फ सानेगुरुजी (पांडूरंग सदाशीव)
630 _a विश्राम
700 _aसाने पां.स.उर्फ सानेगुरुजी (पांडूरंग सदाशीव)
730 _a विश्राम
942 _cBOOK
999 _c148944
_d148944